000 00452nam a2200181Ia 4500
003 GCL
008 140319s9999 xx 000 0 ara d
040 _aGCL /
_cGCL
082 0 4 _a810.9
_bط م
100 1 _aطه حسين
245 1 0 _aما وراء النهر : قصة لم تتم /
_cطه حسين
300 _a103 ص
490 _a
650 0 4 _aالادب العربى
650 0 4 _aالقصص
650 0 4 _aطه حسين
942 _2ddc
_cBK
999 _c40696
_d40696